Loading...
| Science - Physics | 1 | 3 | 1 | 2 | 40 | 53 | 93.50 | 2 | 4 |
| Science - Other Science | 2 | 2 | 2 | 1 | 40 | 54 | 75.00 | 1 | 4 |
| Science - Chemistry | 2 | 2 | 3 | 0 | 35 | 46 | 67.75 | 0 | 3 |
| Current Events | 2 | 0 | 0 | 0 | 30 | 19 | 30.50 | 2 | 2 |
| Science - Biology | 0 | 4 | 2 | 1 | 30 | 68 | 85.25 | 2 | 4 |
| Social Science | 1 | 2 | 1 | 0 | 30 | 68 | 98.33 | 1 | 3 |
| Religion | 1 | 0 | 0 | 0 | 15 | 51 | 51.00 | 0 | 1 |
| Other Academic | 0 | 1 | 0 | 0 | 10 | 108 | 108.00 | 0 | 1 |
| Pop Culture | 0 | 1 | 0 | 0 | 10 | 130 | 130.00 | 0 | 1 |
| Philosophy | 0 | 1 | 1 | 0 | 5 | 142 | 142.00 | 0 | 1 |
| Mythology | 0 | 0 | 1 | 0 | -5 | 0.00 | 0 | 0 | |
| Fine Arts - Other Fine Arts | 0 | 0 | 1 | 0 | -5 | 0.00 | 0 | 0 | |
| Literature - American Literature | 0 | 0 | 1 | 0 | -5 | 0.00 | 0 | 0 |